| 000 | 01137cam a2200301 4500 | ||
|---|---|---|---|
| 008 | 090401t1993 xxu||||| |||| 00| 0 eng d | ||
| 020 | _a085406575X | ||
| 035 | _a(Sirsi) u57662 | ||
| 041 | _aeng | ||
| 050 |
_a333.33026 _c18 |
||
| 090 | _aRICS 1993/17ABCDE | ||
| 110 |
_aRoyal Institution of Chartered Surveyors _94900 |
||
| 245 |
_aPutting the Estate Agents Act 1979 and the Property Misdescriptions Act 1991 into practice _bguidance for estate agents |
||
| 250 | _a2nd ed. | ||
| 260 |
_aLondon _bRICS _c1993 |
||
| 300 |
_a42p. _c30cm. |
||
| 350 | _a12.95 | ||
| 490 | _aRICS Guidance Note | ||
| 520 | _aSuperseded by "RICS manual of estate agency law and practice" (ISBN 085406866X). Supsersedes first edition "Putting the Estate Agents Act 1979 and its orders and regulations into practice: guidance for estate agents" (ISBN 0854065032). | ||
| 650 | _aACCURACY | ||
| 650 | _aESTATE AGENCY | ||
| 650 | _aESTATE AGENTS ACT 1979 | ||
| 650 |
_aMeasurement _96256 |
||
| 650 | _aPROPERTY MISDESCRIPTIONS ACT 1991 | ||
| 690 | _aMANAGEMENT-BUSINESS MANAGEMENT-PROFESSIONAL PRACTICE | ||
| 942 | _n0 | ||
| 948 | _c04/03/1997 | ||
| 999 |
_c93958 _d93958 |
||